Ontologies of Violence : Deconstruction, Pacifism, and Displacement /
Ontologies of Violence provides a new paradigm for understanding the concept of violence through comparative interpretations of French philosopher Jacques Derrida, philosophical theologians in the Mennonite pacifist tradition, and Grace M. Jantzen's feminist philosophy of religion. By drawing o...
المؤلف الرئيسي:
التنسيق: كتاب الكتروني
اللغة: English
منشور في:
Leiden ; Boston :
Brill,
2023.
سلاسل:
Political and Public Theologies ;
4.
الموضوعات:
الوصول للمادة أونلاين: Login to view Source
الوسوم: إضافة وسم
رقم الطلب: HT1523
| LEADER | 02358nam a22004818i 4500 | ||
|---|---|---|---|
| 001 | BRILL9789004546448 | ||
| 003 | nllekb | ||
| 005 | 20230828070411.0 | ||
| 006 | m d | ||
| 007 | cr un uuuua | ||
| 008 | 230524s2023 gw sb 001 0 eng d | ||
| 020 | |a 9789004546448 |q (electronic book) | ||
| 020 | |z 9789004546431 |q (print) | ||
| 024 | 7 | |a 10.1163/9789004546448 |2 DOI | |
| 040 | |a NL-LeKB |c NL-LeKB |e rda | ||
| 041 | |a eng | ||
| 050 | 4 | |a HT1523 | |
| 072 | 7 | |a HRCM |2 bicssc | |
| 072 | 7 | |a REL |x 067000 |2 bisacsh | |
| 082 | 0 | 4 | |a 305.8 |2 23 |
| 100 | 1 | |a Kennel, Maxwell, |e author. | |
| 245 | 1 | 0 | |a Ontologies of Violence : |b Deconstruction, Pacifism, and Displacement / |c Maxwell Kennel. |
| 246 | 3 | |a Deconstruction, Pacifism, and Displacement | |
| 264 | 1 | |a Leiden ; |a Boston : |b Brill, |c 2023. | |
| 264 | 4 | |c ©2023 | |
| 300 | |a 1 online resource (244 pages) : |b illustrations. | ||
| 336 | |a text |b txt |2 rdacontent | ||
| 337 | |a computer |b c |2 rdamedia | ||
| 338 | |a online resource |2 rdacarrier | ||
| 490 | 1 | |a Political and Public Theologies ; |v 4 | |
| 504 | |a Includes bibliographical references and index. | ||
| 520 | |a Ontologies of Violence provides a new paradigm for understanding the concept of violence through comparative interpretations of French philosopher Jacques Derrida, philosophical theologians in the Mennonite pacifist tradition, and Grace M. Jantzen's feminist philosophy of religion. By drawing out and challenging the remarkably similar priorities shared by its three sources, and by challenging the assumption that differences necessarily lead to displacement, Ontologies of Violence provides a critical theory of violence by treating it as a diagnostic concept that implies the violation of value-laden boundaries. | ||
| 546 | |a English | ||
| 588 | |a Description based on print version record. | ||
| 650 | 0 | |a Ontology. | |
| 650 | 0 | |a Race awareness. | |
| 650 | 0 | |a Race |x Political aspects. | |
| 776 | 0 | 8 | |i Print version: |t Ontologies of Violence : Deconstruction, Pacifism, and Displacement. |d Leiden ; Boston : Brill, 2023. |z 9789004546431 |
| 830 | 0 | |a Political and Public Theologies ; |v 4. | |
| 856 | 4 | |z DOI: |u http://dx.doi.org/10.1163/9789004546448 | |
| 942 | |2 lcc |c EBOOK | ||
| 952 | |0 0 |1 0 |2 lcc |4 0 |6 HT1523 |7 1 |9 49701 |a BRILL |b BRILL |d 2023-08-28 |l 0 |o HT1523 |r 2023-08-28 00:00:00 |w 2023-08-28 |y EBOOK | ||
| 999 | |c 54344 |d 54344 | ||
